| 000 | 00868nam a2200253 4500 | ||
|---|---|---|---|
| 001 | 113292 | ||
| 003 | ES-MaACL | ||
| 005 | 20250327190327.0 | ||
| 007 | t| | ||
| 008 | 061121s1951 sp r ||||1| spa d | ||
| 100 | 1 |
_aNyisztor, Zoltan. _986262 |
|
| 245 | 1 | 0 |
_aEn las garras del espionaje ruso / _cZoltan Nyisztor. |
| 260 |
_aMadrid : _bCompañía Bibliográfica Española, _c1951. |
||
| 300 |
_a246 p. ; _c19 cm. |
||
| 510 |
_aCCPB, _c001020681-7 |
||
| 600 | 1 | 4 |
_aMindszenty, József. _981319 |
| 650 | 0 | 0 |
_aEspionaje ruso. _912500 |
| 710 | 2 |
_aCompañía Bibliográfica Española. _9171207 |
|
| 852 |
_aES-MaACL _jD-6265 _9117564 _bR.32029 _bR.M.5860 _cSVI _fSello en tinta azul de la Biblioteca del Ateneo de Madrid |
||
| 942 |
_2udc _cMONOGRAFIA |
||
| 999 |
_c113292 _d113292 |
||